[Event "Skopje MKD"]
[Site "Skopje MKD"]
[Date "2014.04.03"]
[Round "7.102"]
[White "Bejatovic, Bojana"]
[Black "Jovchev, Riste"]
[Result "1-0"]
[WhiteElo "2016"]
[BlackElo "1749"]
[PlyCount "83"]
[EventDate "2014.03.29"]
[EventType "swiss"]
[EventRounds "9"]

1. f4 d5 2. Nf3 Nf6 3. b3 Bf5 4. Bb2 e6 5. e3 Nbd7 6. Be2 Bc5 7. O-O O-O 8. Nc3
Ng4 9. Nd4 Bxd4 10. exd4 Ngf6 11. d3 h6 12. Qe1 Ng4 13. Qg3 h5 14. h3 h4 15.
Qf3 Nh6 16. Nd1 Bg6 17. Ne3 Nf6 18. Qf2 Bh5 19. Rae1 Bxe2 20. Qxe2 g6 21. c4
Nh5 22. Qd2 c6 23. Rf3 Ng3 24. Ng4 Nxg4 25. hxg4 Kg7 26. Bc1 Rh8 27. Re5 Qb6
28. Qe3 Qb4 29. f5 exf5 30. gxf5 Nxf5 31. Rfxf5 gxf5 32. Qg5+ Kf8 33. Qf6 Rh7
34. Bh6+ Rxh6 35. Qxh6+ Kg8 36. Qg5+ Kf8 37. Qxh4 Kg7 38. Qg5+ Kf8 39. Re3 Qd6
40. Rh3 f6 41. Rh8+ Kf7 42. Qh5+ 1-0

[Event "Skopje MKD"]
[Site "Skopje MKD"]
[Date "2014.04.03"]
[Round "7.103"]
[White "Dimov, Daniel"]
[Black "Zhezhov, Emil"]
[Result "1-0"]
[WhiteElo "1997"]
[BlackElo "1746"]
[PlyCount "53"]
[EventDate "2014.03.29"]
[EventType "swiss"]
[EventRounds "9"]

1. e4 e6 2. d4 d5 3. Nc3 dxe4 4. Nxe4 Bd7 5. Nf3 Bc6 6. Bd3 Nd7 7. c3 Ngf6 8.
Bg5 Be7 9. Bxf6 Bxf6 10. Qc2 h6 11. O-O-O b6 12. h4 Bb7 13. Bb5 a6 14. Ba4 b5
15. Bb3 Qe7 16. d5 exd5 17. Nxf6+ gxf6 18. Rhe1 Ne5 19. Bxd5 O-O-O 20. Bxb7+
Kxb7 21. Qe4+ Kb8 22. Nd4 Qc5 23. f4 Qc4 24. fxe5 Qxa2 25. Nc6+ Kc8 26. Rxd8+
Rxd8 27. Nxd8 1-0

[Event "Skopje MKD"]
[Site "Skopje MKD"]
[Date "2014.04.03"]
[Round "7.104"]
[White "Nikolovski, Nikola"]
[Black "Tevdovski, Zoran"]
[Result "1-0"]
[WhiteElo "1996"]
[BlackElo "1743"]
[PlyCount "55"]
[EventDate "2014.03.29"]
[EventType "swiss"]
[EventRounds "9"]

1. e4 e6 2. d4 d5 3. Nd2 a6 4. Bd3 c5 5. Ngf3 Nc6 6. c3 Nf6 7. O-O Be7 8. Re1
cxd4 9. cxd4 dxe4 10. Nxe4 Bd7 11. Nxf6+ Bxf6 12. d5 Nb4 13. dxe6 Bxe6 14. Qa4+
Nc6 15. Bf5 O-O 16. Bxe6 fxe6 17. Be3 Qd5 18. Rad1 Qh5 19. Qb3 Kh8 20. Qxb7 Na5
21. Qe4 Bxb2 22. Qxe6 Rf6 23. Qe4 Qe8 24. Qd5 Qf8 25. Qxa5 Rf5 26. Qc7 Rxf3 27.
gxf3 Rc8 28. Qd6 1-0

[Event "Skopje MKD"]
[Site "Skopje MKD"]
[Date "2014.04.03"]
[Round "7.105"]
[White "Becker, Carsten"]
[Black "Gaberov, Toshe"]
[Result "1-0"]
[WhiteElo "1986"]
[BlackElo "1731"]
[PlyCount "57"]
[EventDate "2014.03.29"]
[EventType "swiss"]
[EventRounds "9"]

1. d4 Nf6 2. c4 e6 3. Nf3 b6 4. Bg5 Bb7 5. Nc3 Be7 6. e4 O-O 7. Bxf6 Bxf6 8. e5
Be7 9. Bd3 Nc6 10. a3 d6 11. Qe2 dxe5 12. dxe5 Nd4 13. Nxd4 Qxd4 14. O-O-O Qh4
15. Rhg1 a6 16. g3 Qh6+ 17. f4 f6 18. exf6 Qxf6 19. Ne4 Qh6 20. h4 Rad8 21. Ng5
Kh8 22. Nxe6 Qf6 23. Nxd8 Rxd8 24. Rge1 Bc5 25. Bc2 Bf8 26. Qh5 h6 27. Qf5 Kg8
28. Qh7+ Kf7 29. Bg6+ 1-0

[Event "Skopje MKD"]
[Site "Skopje MKD"]
[Date "2014.04.03"]
[Round "7.107"]
[White "Jakovljevic, Dejan"]
[Black "Minko, Dmitry"]
[Result "1-0"]
[WhiteElo "1948"]
[BlackElo "1703"]
[PlyCount "101"]
[EventDate "2014.03.29"]
[EventType "swiss"]
[EventRounds "9"]

1. e4 c5 2. c3 e5 3. Nf3 Nc6 4. Be2 Nf6 5. d3 Be7 6. Nbd2 O-O 7. O-O d5 8. Qc2
h6 9. Rd1 Bg4 10. Nf1 d4 11. Ng3 Re8 12. h3 Bxf3 13. Bxf3 Rc8 14. Qe2 b5 15.
Bg4 Rc7 16. Bd2 Bf8 17. Rac1 Nd7 18. Bxd7 Qxd7 19. Nf5 Rec8 20. Qg4 Kh7 21. Qg3
g6 22. Nh4 Bg7 23. f4 exf4 24. Bxf4 g5 25. Nf5 Rb7 26. h4 f6 27. Bd2 Rbc7 28.
cxd4 Nxd4 29. Nxd4 cxd4 30. Qe1 Rc6 31. Rxc6 Rxc6 32. Rc1 Rxc1 33. Qxc1 Qd6 34.
Qf1 Qe5 35. Qf5+ Qxf5 36. exf5 a6 37. h5 Bf8 38. g4 Bd6 39. Kg2 Kg7 40. Kf3 Kf7
41. Ke4 Be5 42. Kd5 Ke7 43. Bb4+ Ke8 44. Kc6 Bf4 45. Kb7 Bc1 46. b3 Bb2 47.
Kxa6 Bc3 48. Bc5 Kd7 49. Kxb5 Kc7 50. a4 Kb7 51. Be7 1-0

[Event "Skopje MKD"]
[Site "Skopje MKD"]
[Date "2014.04.03"]
[Round "7.108"]
[White "Becking, Franz Josef"]
[Black "Lakinska, Simona"]
[Result "1-0"]
[WhiteElo "1943"]
[BlackElo "1642"]
[PlyCount "157"]
[EventDate "2014.03.29"]
[EventType "swiss"]
[EventRounds "9"]

1. d4 Nf6 2. Nf3 d5 3. Bf4 e6 4. e3 Be7 5. Bd3 Nbd7 6. Nbd2 c5 7. c3 b6 8. h3
Bb7 9. Ne5 Nxe5 10. Bxe5 c4 11. Bc2 Bd6 12. Ba4+ Kf8 13. Nf3 a6 14. Bc2 b5 15.
a3 Qe7 16. O-O Nd7 17. Bxd6 Qxd6 18. Qe2 g6 19. h4 h5 20. Ng5 Kg7 21. Qf3 Qe7
22. Qg3 Rac8 23. Nf3 Bc6 24. Rae1 f5 25. Re2 Qd8 26. Qd6 Qf6 27. Qg3 Rhe8 28.
Rd2 Qd8 29. Ng5 Qc7 30. Qh3 Nf6 31. Nf3 Nd7 32. Rfd1 a5 33. Re1 Ra8 34. Ng5 b4
35. f3 Nf6 36. e4 Nh7 37. Rde2 Nxg5 38. hxg5 Qd7 39. Qg3 Kh7 40. Qe5 b3 41. Bb1
a4 42. g4 fxg4 43. fxg4 Qg7 44. gxh5 Qxe5 45. dxe5 dxe4 46. hxg6+ Kxg6 47.
Bxe4+ Bxe4 48. Rxe4 Rac8 49. Rf1 Kxg5 50. Rf2 Red8 51. Re3 Rd1+ 52. Kg2 Rd3 53.
Re1 Rg8 54. Kf1 Rgd8 55. Ree2 Rd1+ 56. Kg2 R1d5 57. Rf6 Rg8 58. Kf3 Rd3+ 59.
Ke4 Kh4 60. Rh6+ Kg5 61. Rxe6 Rf8 62. Rg2+ Kh5 63. Re7 Kh6 64. Re6+ Kh5 65. Rd6
Rdf3 66. Kd5 Rf2 67. Rxf2 Rxf2 68. e6 Rxb2 69. e7 Rd2+ 70. Kc6 Re2 71. Kd7 b2
72. Rb6 Rd2+ 73. Kc6 Re2 74. Kc5 Rxe7 75. Rxb2 Ra7 76. Rb4 Kg5 77. Kxc4 Kf6 78.
Kb5 Ke6 79. Kb6 1-0

[Event "Skopje MKD"]
[Site "Skopje MKD"]
[Date "2014.04.03"]
[Round "7.111"]
[White "Georgieva, Emilia"]
[Black "Manova, Ivana"]
[Result "1/2-1/2"]
[WhiteElo "1921"]
[BlackElo "1589"]
[PlyCount "86"]
[EventDate "2014.03.29"]
[EventType "swiss"]
[EventRounds "9"]

1. d4 d5 2. Nf3 Nf6 3. c3 Nc6 4. Bg5 h6 5. Bh4 Bf5 6. e3 a6 7. Bd3 Bxd3 8. Qxd3
g5 9. Bg3 e6 10. Nbd2 Bd6 11. Bxd6 Qxd6 12. h3 O-O-O 13. O-O-O b5 14. Kb1 Kb7
15. Ka1 Rhe8 16. e4 e5 17. dxe5 Nxe5 18. Nxe5 Rxe5 19. Qf3 Nxe4 20. Nxe4 Rxe4
21. Qxf7 Rf4 22. Qh5 Rxf2 23. Rhg1 Rdf8 24. g3 Rc2 25. Rb1 Rff2 26. Qg4 Qc5 27.
Qb4 Qxb4 28. cxb4 Rh2 29. Rbd1 Rxh3 30. Rxd5 Rxg3 31. Rh1 Rcg2 32. Rdd1 Rg4 33.
a3 Rh4 34. Rxh4 gxh4 35. Rh1 Rg4 36. Rh3 Kb6 37. Kb1 a5 38. bxa5+ Kxa5 39. b3
b4 40. axb4+ Kxb4 41. Kc2 c5 42. Kd2 c4 43. bxc4 Kxc4 1/2-1/2

[Event "Skopje MKD"]
[Site "Skopje MKD"]
[Date "2014.04.03"]
[Round "7.112"]
[White "Okuyaz, Duru"]
[Black "Peczely, Gyorgy"]
[Result "1-0"]
[WhiteElo "1678"]
[BlackElo "1832"]
[PlyCount "54"]
[EventDate "2014.03.29"]
[EventType "swiss"]
[EventRounds "9"]

1. e4 e6 2. d3 d5 3. Nd2 c5 4. Ngf3 Nc6 5. g3 g6 6. Bg2 Bg7 7. O-O Nf6 8. Re1
O-O 9. c3 b6 10. e5 Nd7 11. d4 a5 12. Nf1 Qc7 13. Bf4 cxd4 14. cxd4 Ba6 15. a3
Rac8 16. h4 b5 17. N1h2 Ne7 18. Rc1 Qb7 19. Qd2 Rxc1 20. Rxc1 Qb6 21. Bg5 Nc6
22. Ng4 Rc8 23. Bh6 Ne7 24. Rxc8+ Bxc8 25. Bxg7 Kxg7 26. Qh6+ Kg8 27. Ng5 Nf6
1-0

[Event "Skopje MKD"]
[Site "Skopje MKD"]
[Date "2014.04.03"]
[Round "7.113"]
[White "Veljanoski, Andrej"]
[Black "Forsaa, Elise"]
[Result "0-1"]
[WhiteElo "1531"]
[BlackElo "1830"]
[PlyCount "56"]
[EventDate "2014.03.29"]
[EventType "swiss"]
[EventRounds "9"]

1. e4 c5 2. Nf3 e6 3. d4 cxd4 4. Nxd4 d6 5. Be3 a6 6. Nc3 b5 7. a3 Be7 8. Bd3
Nf6 9. O-O Nbd7 10. h3 Bb7 11. Qd2 Rc8 12. Nde2 Ne5 13. Ng3 O-O 14. Qe2 d5 15.
f4 Nxd3 16. Qxd3 dxe4 17. Ngxe4 Nxe4 18. Nxe4 Qc7 19. Nc3 Rfd8 20. Qe2 Qc6 21.
f5 exf5 22. Rxf5 Bf6 23. Rc5 Qe6 24. Qf2 Rc6 25. Re1 Rxc5 26. Bxc5 Qc4 27. Qe3
h6 28. Bb4 Bd4 0-1

[Event "Skopje MKD"]
[Site "Skopje MKD"]
[Date "2014.04.04"]
[Round "8.1"]
[White "Vovk, Andrey"]
[Black "Salgado Lopez, Ivan"]
[Result "1-0"]
[WhiteElo "2605"]
[BlackElo "2605"]
[PlyCount "43"]
[EventDate "2014.03.29"]
[EventType "swiss"]
[EventRounds "9"]

1. e4 c5 2. Nf3 Nc6 3. Bb5 e6 4. O-O Nge7 5. c3 a6 6. Ba4 b5 7. Bc2 Bb7 8. Re1
Ng6 9. d4 cxd4 10. cxd4 Rc8 11. Nc3 Be7 12. g3 O-O 13. h4 Re8 14. h5 Nf8 15. d5
Nb4 16. Bb3 a5 17. a3 a4 18. axb4 Bxb4 19. Ba2 a3 20. Re3 Bc5 21. Rd3 b4 22.
Na4 1-0

[Event "Skopje MKD"]
[Site "Skopje MKD"]
[Date "2014.04.04"]
[Round "8.2"]
[White "Predojevic, Borki"]
[Black "Anton Guijarro, David"]
[Result "1/2-1/2"]
[WhiteElo "2607"]
[BlackElo "2559"]
[PlyCount "58"]
[EventDate "2014.03.29"]
[EventType "swiss"]
[EventRounds "9"]

1. e4 c5 2. Nf3 Nc6 3. Bb5 e6 4. O-O Nge7 5. d4 cxd4 6. Nxd4 Ng6 7. Be3 Be7 8.
Be2 O-O 9. c4 Nxd4 10. Qxd4 Bf6 11. Qd2 b6 12. Nc3 Bb7 13. f3 Qe7 14. Rad1 Rad8
15. Qd6 Qxd6 16. Rxd6 Be5 17. Rd2 Nf4 18. Bd4 Nxe2+ 19. Nxe2 Bc7 20. Rfd1 Ba6
21. b3 d5 22. cxd5 exd5 23. e5 Rfe8 24. Nc3 Bxe5 25. Bxe5 Rxe5 26. Nxd5 Kf8 27.
Kf2 Bb7 28. Ne3 Rxd2+ 29. Rxd2 Ke7 1/2-1/2

[Event "Skopje MKD"]
[Site "Skopje MKD"]
[Date "2014.04.04"]
[Round "8.3"]
[White "Bachmann, Axel"]
[Black "Georgiev, Kiril"]
[Result "0-1"]
[WhiteElo "2575"]
[BlackElo "2625"]
[PlyCount "130"]
[EventDate "2014.03.29"]
[EventType "swiss"]
[EventRounds "9"]

1. d4 Nf6 2. Nf3 e6 3. c4 Bb4+ 4. Bd2 c5 5. Bxb4 cxb4 6. g3 b6 7. Bg2 Bb7 8.
O-O O-O 9. Qb3 a5 10. a3 Na6 11. Nbd2 d6 12. Rfd1 Qc7 13. Ne1 Bxg2 14. Nxg2 Qb7
15. Qd3 Rfd8 16. e4 Rac8 17. Ne3 bxa3 18. bxa3 Nb8 19. Rab1 Nc6 20. Nf3 Ne7 21.
d5 Ng6 22. Rb2 Re8 23. Qb1 Rb8 24. Nd4 exd5 25. exd5 Ne5 26. Nb5 Qd7 27. Qf5
Qd8 28. Kg2 Rc8 29. Rd4 h6 30. Nc3 g6 31. Qb1 Rb8 32. Ne4 Nxe4 33. Rxe4 f5 34.
Rh4 Kg7 35. Rd4 Nd7 36. Rf4 Ne5 37. Rd4 h5 38. h3 Nd7 39. Rf4 Qf6 40. Re2 Nc5
41. h4 Re5 42. Rb2 Nd7 43. Rd2 Rbe8 44. Nc2 Re4 45. Nd4 Nc5 46. Rxe4 fxe4 47.
Qxb6 e3 48. fxe3 Rxe3 49. Ne6+ Kh6 50. Rf2 Qe5 51. Nf4 Nd3 52. Qd8 Nxf2 53.
Kxf2 Rxa3 54. Qf8+ Kh7 55. Qf7+ Qg7 56. Qe6 Ra2+ 57. Ne2 Qf8+ 58. Kg2 Rc2 59.
Qe4 Rb2 60. Kg1 Qf6 61. Qe3 a4 62. Nf4 Ra2 63. Ng2 a3 64. Kh2 Qg7 65. c5 Rxg2+
0-1

[Event "Skopje MKD"]
[Site "Skopje MKD"]
[Date "2014.04.04"]
[Round "8.4"]
[White "Markus, Robert"]
[Black "Golod, Vitali"]
[Result "1-0"]
[WhiteElo "2608"]
[BlackElo "2573"]
[PlyCount "57"]
[EventDate "2014.03.29"]
[EventType "swiss"]
[EventRounds "9"]

1. Nf3 d5 2. g3 c6 3. Bg2 Bg4 4. d3 Nf6 5. O-O Nbd7 6. h3 Bh5 7. Qe1 e5 8. e4
dxe4 9. dxe4 Bxf3 10. Bxf3 Nc5 11. Nd2 h5 12. Nc4 h4 13. g4 Nfd7 14. Qc3 Ne6
15. Rd1 Qc7 16. g5 b5 17. Rxd7 Qxd7 18. Nxe5 Qc7 19. g6 f6 20. Nf7 Bc5 21. Bg4
b4 22. Qc4 Bxf2+ 23. Kh1 Qd7 24. Qxe6+ Qxe6 25. Bxe6 O-O 26. Bf4 Bg3 27. Bxg3
hxg3 28. Nd6+ Kh8 29. Rf1 1-0

[Event "Skopje MKD"]
[Site "Skopje MKD"]
[Date "2014.04.04"]
[Round "8.5"]
[White "Grandelius, Nils"]
[Black "Salem, Aylem"]
[Result "1/2-1/2"]
[WhiteElo "2600"]
[BlackElo "2558"]
[PlyCount "96"]
[EventDate "2014.03.29"]
[EventType "swiss"]
[EventRounds "9"]

1. Nf3 f5 2. d3 Nc6 3. d4 Nf6 4. d5 Nb4 5. c4 g6 6. Nc3 Bg7 7. g3 O-O 8. Bg2 d6
9. O-O a5 10. Rb1 e5 11. dxe6 Bxe6 12. b3 Qe7 13. Nd4 c6 14. Nxe6 Qxe6 15. Be3
Rfe8 16. Qd2 Ng4 17. Bd4 Bh6 18. Qd1 Nf6 19. a3 Na6 20. b4 axb4 21. axb4 Ne4
22. Nxe4 fxe4 23. Ba1 Re7 24. b5 cxb5 25. Rxb5 Rc8 26. Rb6 Rc6 27. Rxc6 bxc6
28. Qd4 Bg7 29. Qb6 Qxc4 30. Qd8+ Bf8 31. Qxd6 Re6 32. Qd2 Be7 33. Bh3 Rd6 34.
Qa5 Bf6 35. Qa3 c5 36. Rc1 Qb4 37. Qa2+ Kf8 38. Bf1 e3 39. Rc4 exf2+ 40. Kxf2
Qb6 41. Rf4 Kg7 42. Qc4 Qb4 43. Qc1 Qb6 44. Qe3 Qd8 45. Bxf6+ Rxf6 46. Qe5 Qd4+
47. Qxd4 cxd4 48. Kf3 Nc5 1/2-1/2

[Event "Skopje MKD"]
[Site "Skopje MKD"]
[Date "2014.04.04"]
[Round "8.6"]
[White "Kozul, Zdenko"]
[Black "Roiz, Michael"]
[Result "1/2-1/2"]
[WhiteElo "2586"]
[BlackElo "2591"]
[PlyCount "112"]
[EventDate "2014.03.29"]
[EventType "swiss"]
[EventRounds "9"]

1. d4 e6 2. c4 d5 3. Nf3 Nf6 4. Nc3 Nbd7 5. cxd5 exd5 6. Bg5 c6 7. Qc2 Be7 8.
e3 Nh5 9. Bxe7 Qxe7 10. O-O-O Nb6 11. h3 Be6 12. Kb1 O-O-O 13. Bd3 Kb8 14. Na4
Nxa4 15. Qxa4 Nf6 16. Rc1 Ne4 17. Rc2 f6 18. Rhc1 Rc8 19. Ka1 g5 20. Bxe4 dxe4
21. Nd2 Bd5 22. Nb1 f5 23. Nc3 Be6 24. b4 b6 25. b5 c5 26. d5 Bf7 27. Rd2 Rcd8
28. Qc4 Qe5 29. Kb2 Rd7 30. g4 Rhd8 31. Rcd1 h6 32. a4 fxg4 33. hxg4 Be6 34. a5
Bxg4 35. Rh1 Rd6 36. axb6 axb6 37. Kb3 Bc8 38. Qxe4 Qxe4 39. Nxe4 Rxd5 40. Rxd5
Rxd5 41. Rxh6 Re5 42. Nd2 Re6 43. Rh7 g4 44. Rg7 Rd6 45. Kc3 Rd7 46. Rg6 Rd3+
47. Kc2 Rxe3 48. Rxb6+ Ka7 49. Rf6 Re6 50. Rf8 Bb7 51. Nc4 Bd5 52. Kc3 Re1 53.
Nd6 Kb6 54. Rf5 Be6 55. Rf4 Rd1 56. Ne8 Rd8 1/2-1/2

[Event "Skopje MKD"]
[Site "Skopje MKD"]
[Date "2014.04.04"]
[Round "8.7"]
[White "Iturrizaga Bonelli, Eduardo"]
[Black "Georgescu, Tiberiu"]
[Result "1-0"]
[WhiteElo "2645"]
[BlackElo "2468"]
[PlyCount "75"]
[EventDate "2014.03.29"]
[EventType "swiss"]
[EventRounds "9"]

1. d4 d5 2. c4 e6 3. Nf3 Nf6 4. Nc3 Nbd7 5. cxd5 exd5 6. Bf4 c6 7. Qc2 Be7 8.
h3 Nf8 9. e3 Ne6 10. Be5 Bd6 11. Bd3 Bxe5 12. Nxe5 O-O 13. O-O-O c5 14. dxc5
Nxc5 15. g4 Be6 16. Kb1 Rc8 17. f3 Qc7 18. Qh2 Qa5 19. Bc2 Rfd8 20. Rd4 b5 21.
a3 Ncd7 22. Nxd7 Rxd7 23. Bb3 Rdc7 24. Rc1 Qb6 25. Qd2 a5 26. Rd1 h6 27. Nxd5
Bxd5 28. Bxd5 Rc2 29. Qd3 Nxd5 30. Rxd5 Rf2 31. Rxb5 Qf6 32. f4 g6 33. Qd7 Ra8
34. Rd6 Rf1+ 35. Ka2 Qg7 36. Qc6 Qf8 37. Rb7 Kh8 38. Rdd7 1-0

[Event "Skopje MKD"]
[Site "Skopje MKD"]
[Date "2014.04.04"]
[Round "8.8"]
[White "Henrichs, Thomas"]
[Black "Berkes, Ferenc"]
[Result "0-1"]
[WhiteElo "2496"]
[BlackElo "2687"]
[PlyCount "124"]
[EventDate "2014.03.29"]
[EventType "swiss"]
[EventRounds "9"]

1. d4 Nf6 2. c4 e6 3. Nc3 Bb4 4. e3 O-O 5. Bd3 c5 6. Nf3 Nc6 7. O-O Bxc3 8.
bxc3 d6 9. Nd2 e5 10. d5 Ne7 11. Qc2 Kh8 12. Rb1 Rb8 13. f4 exf4 14. exf4 g6
15. Nf3 Bf5 16. Nh4 Qd7 17. Nxf5 Nxf5 18. Bd2 Rfe8 19. Rfe1 Kg7 20. Qb3 b6 21.
Qc2 Nh4 22. h3 h5 23. Rxe8 Rxe8 24. Re1 Rxe1+ 25. Bxe1 Nf5 26. Qe2 h4 27. Bf2
Ng3 28. Bxg3 hxg3 29. Qe3 Qa4 30. Qxg3 Qd1+ 31. Kh2 Qd2 32. f5 Nh5 33. Qf3 Qf4+
34. Qxf4 Nxf4 35. Bf1 gxf5 36. Kg3 Nh5+ 37. Kh4 Kh6 38. g3 Nf6 39. Bd3 Nd7 40.
Bxf5 Ne5 41. g4 Nxc4 42. g5+ Kg7 43. Bd3 Na3 44. Ba6 c4 45. Kg4 Nb1 46. Bxc4
Nxc3 47. h4 b5 48. Bd3 b4 49. h5 Nxa2 50. h6+ Kg8 51. Kf5 Nc3 52. g6 fxg6+ 53.
Ke6 Kh7 54. Kxd6 Kxh6 55. Kc5 Nxd5 56. Kxd5 g5 57. Ke4 Kh5 58. Be2+ Kh4 59. Kf5
b3 60. Bc4 b2 61. Ba2 g4 62. Kf4 g3 0-1

[Event "Skopje MKD"]
[Site "Skopje MKD"]
[Date "2014.04.04"]
[Round "8.10"]
[White "Rozentalis, Eduardas"]
[Black "Donchenko, Alexander"]
[Result "1-0"]
[WhiteElo "2623"]
[BlackElo "2463"]
[PlyCount "73"]
[EventDate "2014.03.29"]
[EventType "swiss"]
[EventRounds "9"]

1. e4 c5 2. Nf3 d6 3. Bb5+ Bd7 4. Bxd7+ Qxd7 5. c4 Nc6 6. d4 cxd4 7. Nxd4 g6 8.
b3 Nf6 9. Bb2 Bg7 10. Nc3 O-O 11. O-O a6 12. a4 e6 13. Re1 Rfd8 14. Rc1 Rac8
15. h3 h5 16. Nf3 d5 17. cxd5 exd5 18. e5 Ne8 19. Ne2 Bh6 20. e6 Qxe6 21. Ned4
Qd6 22. Nxc6 bxc6 23. Qd4 f6 24. Rc2 c5 25. Qd3 f5 26. Rce2 Nc7 27. Be5 Qc6 28.
Bxc7 Rxc7 29. Re6 Rd6 30. Re8+ Kh7 31. Qe2 Rg7 32. Qe5 Qd7 33. Ra8 Rb6 34. h4
Rb7 35. Qf6 Bf4 36. Ree8 Kh6 37. Qg5+ 1-0

[Event "Skopje MKD"]
[Site "Skopje MKD"]
[Date "2014.04.04"]
[Round "8.11"]
[White "Peralta, Fernando"]
[Black "Sanal, Vahap"]
[Result "1-0"]
[WhiteElo "2613"]
[BlackElo "2442"]
[PlyCount "137"]
[EventDate "2014.03.29"]
[EventType "swiss"]
[EventRounds "9"]

1. d4 d5 2. c4 c6 3. Nf3 Nf6 4. Nc3 dxc4 5. a4 e6 6. e3 c5 7. Bxc4 cxd4 8. exd4
Nc6 9. O-O Be7 10. Qe2 O-O 11. Rd1 Nd5 12. Bd3 Bd7 13. Qe4 f5 14. Qe2 Rc8 15.
Bc4 Ncb4 16. Nxd5 Nxd5 17. Bxd5 exd5 18. Bf4 g5 19. Be5 f4 20. Ne1 Qe8 21. b3
Qg6 22. Bxf4 Bf6 23. Be5 Rfe8 24. Rac1 Rxc1 25. Rxc1 Bxe5 26. dxe5 Qe4 27. Qd2
Rxe5 28. Nf3 Bh3 29. Qd4 Qxd4 30. Nxd4 Re4 31. Rd1 Bd7 32. f3 Re3 33. Kf2 Rc3
34. Ke2 Kf7 35. Kd2 Rc8 36. Re1 Kf6 37. Kd3 a5 38. g3 Rc5 39. Kd2 Rc8 40. f4
gxf4 41. Rf1 Kg7 42. Rxf4 Re8 43. Nf5+ Kg6 44. Nd6 Re7 45. Nxb7 Bxa4 46. Nxa5
Bb5 47. Rb4 Bf1 48. Rg4+ Kh6 49. Kc3 Re2 50. h4 Re3+ 51. Kd4 Rd3+ 52. Ke5 Re3+
53. Kxd5 Bh3 54. Rg5 Rd3+ 55. Kc5 Rc3+ 56. Kd4 Rc1 57. b4 Rb1 58. Kc5 Rc1+ 59.
Kb6 Bd7 60. Rd5 Be8 61. b5 Bxb5 62. Kxb5 Rg1 63. Rd3 Kh5 64. Nc4 Kg4 65. Ne5+
Kh3 66. g4+ Rg3 67. Rd7 h6 68. h5 Re3 69. Re7 1-0

[Event "Skopje MKD"]
[Site "Skopje MKD"]
[Date "2014.04.04"]
[Round "8.12"]
[White "Pavlidis, Antonios"]
[Black "Jumabayev, Rinat"]
[Result "1/2-1/2"]
[WhiteElo "2463"]
[BlackElo "2580"]
[PlyCount "159"]
[EventDate "2014.03.29"]
[EventType "swiss"]
[EventRounds "9"]

1. e4 c5 2. Nf3 Nc6 3. d4 cxd4 4. Nxd4 g6 5. c4 Nf6 6. Nc3 d6 7. Be2 Nxd4 8.
Qxd4 Bg7 9. Be3 O-O 10. Qd2 a5 11. O-O a4 12. Bd4 Qa5 13. Qe3 Be6 14. Nd5 Bxd5
15. exd5 Rfe8 16. b4 axb3 17. axb3 Qb4 18. Bc3 Qxb3 19. Rab1 Qa3 20. Rxb7 Nxd5
21. cxd5 Qxc3 22. Rxe7 Rxe7 23. Qxe7 Be5 24. g3 Ra2 25. Bg4 Qd3 26. Rc1 Kg7 27.
Rf1 Qxd5 28. Bh3 Rb2 29. Bg2 Qd2 30. Kh1 h5 31. Qh4 Bd4 32. Qe7 Bxf2 33. Qc7
Rc2 34. Qb7 Rc1 35. Qf3 Re1 36. h4 f5 37. Rxe1 Qxe1+ 38. Kh2 Bd4 39. Qb7+ Kh6
40. Qf7 Bg7 41. Bd5 Qe2+ 42. Kh3 Qb5 43. Kg2 Qb8 44. Qb7 Qd8 45. Qf7 Be5 46.
Qg8 Qb6 47. Qf8+ Bg7 48. Qf7 Qe3 49. Kh3 Qg1 50. Bg2 Qb1 51. Bd5 Qb8 52. Qb7
Qd8 53. Qf7 Be5 54. Kg2 Qc8 55. Qg8 Qxg8 56. Bxg8 Kg7 57. Bd5 Kf6 58. Kf3 Bc3
59. Bc4 Bd2 60. Ke2 f4 61. gxf4 Bxf4 62. Kf3 Be5 63. Bd3 d5 64. Kg2 Bc3 65. Kh3
Be1 66. Bb1 Kg7 67. Ba2 d4 68. Bb1 Kh6 69. Bd3 Bf2 70. Bb5 Bxh4 71. Kxh4 g5+
72. Kh3 Kg6 73. Be8+ Kh6 74. Bb5 Kg7 75. Be8 h4 76. Bb5 Kf6 77. Kg4 Ke6 78. Bf1
Kf6 79. Bd3 Ke5 80. Bf1 1/2-1/2

[Event "Skopje MKD"]
[Site "Skopje MKD"]
[Date "2014.04.04"]
[Round "8.13"]
[White "Arnaudov, Petar G"]
[Black "Bok, Benjamin"]
[Result "1/2-1/2"]
[WhiteElo "2459"]
[BlackElo "2575"]
[PlyCount "52"]
[EventDate "2014.03.29"]
[EventType "swiss"]
[EventRounds "9"]

1. d4 Nf6 2. c4 g6 3. Nf3 Bg7 4. e3 O-O 5. Be2 b6 6. O-O Bb7 7. b4 c5 8. bxc5
bxc5 9. Qb3 Qb6 10. Bb2 Ne4 11. Nc3 Na6 12. Nd5 Bxd5 13. cxd5 Qxb3 14. axb3 Nb4
15. Bc4 Nd6 16. Ra4 Nxc4 17. bxc4 Nd3 18. Ba3 cxd4 19. Nxd4 Rfc8 20. Rb1 Bf6
21. Kf1 Nc5 22. Bxc5 Rxc5 23. Rb7 Rac8 24. Rbxa7 Bxd4 25. exd4 Rxc4 26. Rxc4
Rxc4 1/2-1/2

[Event "Skopje MKD"]
[Site "Skopje MKD"]
[Date "2014.04.04"]
[Round "8.14"]
[White "Tosic, Miroslav"]
[Black "Grigoriants, Sergey"]
[Result "0-1"]
[WhiteElo "2426"]
[BlackElo "2574"]
[PlyCount "55"]
[EventDate "2014.03.29"]
[EventType "swiss"]
[EventRounds "9"]

1. d4 Nf6 2. c4 e6 3. Nf3 b6 4. Nc3 Bb4 5. Bg5 h6 6. Bh4 Bb7 7. Nd2 Nc6 8. e3
Ne7 9. f3 Ng6 10. Bf2 c5 11. Nb3 cxd4 12. Qxd4 O-O 13. Rc1 d5 14. a3 Be7 15.
Qd2 Rc8 16. cxd5 Nxd5 17. Nd4 Nh4 18. Ne4 Rxc1+ 19. Qxc1 Qa8 20. Bg3 Rc8 21.
Qd2 Rf8 22. Kf2 Nf5 23. Bd3 Ndxe3 24. Nxf5 exf5 25. Nd6 Bxd6 26. Bxd6 Ng4+ 27.
fxg4 Rd8 28. Rd1 0-1

[Event "Skopje MKD"]
[Site "Skopje MKD"]
[Date "2014.04.04"]
[Round "8.15"]
[White "Kuljasevic, Davorin"]
[Black "Jacimovic, Dragoljub"]
[Result "1-0"]
[WhiteElo "2567"]
[BlackElo "2422"]
[PlyCount "95"]
[EventDate "2014.03.29"]
[EventType "swiss"]
[EventRounds "9"]

1. d4 d6 2. Nf3 g6 3. c4 Bg7 4. Nc3 c5 5. e3 Nc6 6. Be2 Nf6 7. O-O O-O 8. d5
Na5 9. e4 Bg4 10. Ng5 Bxe2 11. Qxe2 Nd7 12. Bd2 a6 13. Rab1 Qc7 14. b3 b5 15.
cxb5 Rfb8 16. Rfc1 Qb7 17. b6 Qxb6 18. Nf3 Qd8 19. Qe1 Nb7 20. Na4 a5 21. Bg5
Qe8 22. Nd2 Ne5 23. Qe2 Nd8 24. f4 Nd7 25. Nc4 Bd4+ 26. Kh1 f6 27. Bh4 Nf7 28.
Bf2 e6 29. dxe6 Qxe6 30. Bxd4 cxd4 31. Nd2 d5 32. Qd3 dxe4 33. Nxe4 Re8 34. Ng3
Qd6 35. Qd2 Rad8 36. Nb2 Nb6 37. Rd1 f5 38. Qxa5 Ra8 39. Qb5 Reb8 40. Nc4 Nxc4
41. Qxc4 Rb4 42. Qc2 Qxf4 43. Ne2 Qe4 44. Qd2 Qb7 45. Nxd4 Ne5 46. h3 Nc4 47.
Qe2 Nd6 48. Qe6+ 1-0

[Event "Skopje MKD"]
[Site "Skopje MKD"]
[Date "2014.04.04"]
[Round "8.16"]
[White "Dastan, Batuhan Muhammed"]
[Black "Damljanovic, Branko"]
[Result "1/2-1/2"]
[WhiteElo "2416"]
[BlackElo "2566"]
[PlyCount "208"]
[EventDate "2014.03.29"]
[EventType "swiss"]
[EventRounds "9"]

1. e4 d6 2. d4 Nf6 3. Nc3 e5 4. dxe5 dxe5 5. Qxd8+ Kxd8 6. Bg5 Nbd7 7. O-O-O
Be7 8. Bh4 Ne8 9. Bg3 f6 10. Be2 Bd6 11. Nf3 c6 12. Nd2 Ke7 13. Nc4 Bc7 14. a4
Nb6 15. Na5 Bd6 16. Nb3 Be6 17. f3 Bc4 18. Bxc4 Nxc4 19. Bf2 b6 20. Nd2 Na5 21.
Na2 Bc5 22. Bxc5+ bxc5 23. b3 Nc7 24. Kb2 Rhd8 25. Nc1 Rab8 26. Kc3 Ne6 27. Nc4
Nxc4 28. Kxc4 Rd4+ 29. Kc3 h5 30. h4 Rbd8 31. Rxd4 cxd4+ 32. Kc4 a5 33. Nd3 Kd6
34. g3 Rb8 35. f4 Nf8 36. fxe5+ fxe5 37. c3 dxc3 38. Kxc3 Nd7 39. Nb2 Nc5 40.
Nc4+ Kc7 41. Nxa5 Nxe4+ 42. Kc2 Rf8 43. Re1 Rf2+ 44. Kd3 Nc5+ 45. Ke3 Rc2 46.
Kf3 e4+ 47. Ke3 Rg2 48. Kd4 Nd7 49. Re3 Nf6 50. Nc4 Rg1 51. Kc5 Rd1 52. a5 Rd5+
53. Kb4 Kb7 54. Rc3 Rb5+ 55. Ka3 Ka6 56. Rc2 Rd5 57. Ka4 Rd4 58. Kb4 Rd5 59.
Ka4 c5 60. b4 cxb4 61. Kxb4 Rd3 62. Rg2 Nd5+ 63. Kc5 Nc3 64. g4 e3 65. Nxe3
Ne4+ 66. Kc4 Rxe3 67. gxh5 Ng3 68. Rb2 Re4+ 69. Kd5 Rxh4 70. Ke6 Nxh5 71. Kf7
Rg4 72. Rb6+ Kxa5 73. Rg6 Rf4+ 74. Kg8 Rf5 75. Kh7 Kb5 76. Rg1 Kc6 77. Kg6 Rc5
78. Rh1 Ng3 79. Rh8 Kd7 80. Kxg7 Ke7 81. Kg6 Ne4 82. Rh5 Rc6+ 83. Kg7 Re6 84.
Ra5 Nf6 85. Kg6 Ne8+ 86. Kg5 Re1 87. Kf4 Ke6 88. Ra3 Rb1 89. Re3+ Kd7 90. Rh3
Rb4+ 91. Ke5 Nd6 92. Kd5 Rb5+ 93. Kd4 Nf5+ 94. Kc4 Re5 95. Rh8 Re1 96. Kc3 Kc6
97. Ra8 Kd5 98. Rd8+ Nd6 99. Kd2 Rh1 100. Kc3 Kc5 101. Kd3 Rh3+ 102. Kc2 Nc4
103. Re8 Kd6 104. Rd8+ Ke5 1/2-1/2